书目信息 |
| 题名: |
大学英语全新版综合教程
|
|
| 作者: | 季佩英 , 吴晓真 , 姚燕瑾 主编 | |
| 分册: | 2 教师用书 | |
| 出版信息: | 上海 上海外语教育出版社 2002.02 |
|
| 页数: | 181页 | |
| 开本: | 24cm | |
| 丛书名: | 大学英语系列教材 | |
| 单 册: | ||
| 中图分类: | H319.4 | |
| 科图分类: | ||
| 主题词: | 英语--高等学校--教学参考资料 , 英语 , 阅读教学 | |
| 电子资源: | ||
| ISBN: | 7-81080-389-1 | |
| 000 | 01120nam2 2200325 45 | |
| 001 | 012004000000 | |
| 005 | 20110401155559.65 | |
| 010 | @a7-81080-389-1@dCNY 12.20 | |
| 100 | @a20041009d2002 em y0chiy0121 ea | |
| 101 | 0 | @achi@aeng |
| 102 | @aCN@b310000 | |
| 105 | @aa z 000yy | |
| 200 | 1 | @a大学英语全新版综合教程@Ada xue ying yu quan xin ban zong he jiao cheng@dCollege English integrated course@h2@i教师用书@iTeacher's book@f季佩英, 吴晓真, 姚燕瑾主编@zeng |
| 210 | @a上海@c上海外语教育出版社@d2002.02 | |
| 215 | @a181页@c图表@d24cm | |
| 225 | 2 | @a大学英语系列教材 |
| 300 | @a普通高等教育“十五”国家级规划教材 教育部推荐使用大学外语类教材 | |
| 320 | @a本书含附录 | |
| 410 | 0 | @12001 @a大学英语系列教材 |
| 510 | 1 | @aCollege English integrated course@iTeacher's book@zeng |
| 517 | 1 | @a教师用书 |
| 606 | 0 | @a英语@x高等学校@j教学参考资料 |
| 606 | 0 | @a英语 |
| 606 | 0 | @a阅读教学 |
| 690 | @aH319.4@v4 | |
| 701 | 0 | @a季佩英@Aji pei ying@4主编 |
| 701 | 0 | @a吴晓真@Awu xiao zhen@4主编 |
| 701 | 0 | @a姚燕瑾@Ayao yan jin@4主编 |
| 801 | 0 | @aCN@bQSSKt@c20110401 |
| 905 | @a10447@dH319.4@eJ175:2 | |
| 大学英语全新版综合教程=College English integrated course.2.教师用书.Teacher's book/季佩英, 吴晓真, 姚燕瑾主编.-上海:上海外语教育出版社,2002.02 |
| 181页:图表;24cm.-(大学英语系列教材) |
| 普通高等教育“十五”国家级规划教材 教育部推荐使用大学外语类教材 |
| ISBN 7-81080-389-1:CNY 12.20 |
| ● |
| 相关链接 |
|
|
|
正题名:大学英语全新版综合教程
索取号:H319.4/J175:2
 
预约/预借
| 序号 | 登录号 | 条形码 | 馆藏地/架位号 | 状态 | 备注 |
| 1 | 429759 | 204297590 | 语言库209/209语言库 45排7列1层/ [索取号:H319.4/J175:2] | 在馆 | |
| 2 | 429760 | 204297607 | 社科二线400B/400B社科库 7排1列4层/ [索取号:H319.4/J175:2] | 在馆 | |
| 3 | 429761 | 204297616 | 语言库209/209语言库 45排7列1层/ [索取号:H319.4/J175:2] | 在馆 | |
| 4 | 429762 | 204297625 | 社科二线400B/400B社科库 7排1列2层/ [索取号:H319.4/J175:2] | 在馆 | |
| 5 | 429763 | 204297634 | 语言库209/209语言库 45排7列1层/ [索取号:H319.4/J175:2] | 在馆 | |
| 6 | 462641 | 204626413 | 语言库209/209语言库 45排7列1层/ [索取号:H319.4/J175:2] | 在馆 | |
| 7 | 462642 | 204626422 | 社科二线400B/400B社科库 7排2列1层/ [索取号:H319.4/J175:2] | 在馆 | |
| 8 | 462643 | 204626431 | 社科二线400B/400B社科库 5排4列1层/ [索取号:H319.4/J175:2] | 在馆 | |
| 9 | 465060 | 204650608 | 社科二线400B/400B社科库 9排4列1层/ [索取号:H319.4/J175:2] | 在馆 | |
| 10 | 465061 | 204650617 | 社科二线400B/400B社科库 5排4列1层/ [索取号:H319.4/J175:2] | 在馆 |